000
00236nam a2200097Ia 4500
001
759550
005
20250826164918.0
008
250824s9999 xx 000 0 und d
245
0
_a
SECDE
_c
ALİ AKPINAR
260
_b
KİTAP DÜNYASI YAYINLARI
999
_c
759550
_d
759550